1184 1956 1093 1830 1618 1510 1105 1176 1998 1756 1537 1077 1497 1505 1750 1936 1219 1347 1148 1247 1635 1764 1328 1493 1590 1383 1906 1933 1788 1694 1330 1471 1520 1862 1996 1435 1866 1371 1139 1520 1113 1858 1363 1422 1227 1689 1746 1106 1979 1935 1076 1604 1569 1136 1841 1439 1559 1974 1086 1073 1512 1871 1923 1523 1945 1876 1828 1964 1456 1106 1757 1250 1842 1238 1618 1241 1074 1387 1089 1899 1369 1054 1253 1594 1118 1004 1245 1190 1478 1014 1741 1226 1369 1812 1525 1492 1484 1090 1565 BCNSPRNW ULIB Ver.6.0+V

เปลี่ยนเป็นภาษาไทย

Change to English
 แสดงรายละเอียดบรรณานุกรม
  กลับหน้าหลัก

Brief Record : Get Marc (ISO 2709) : E-mail record : QR code < ปิดหน้าต่าง
LEADER : 00000nam 2200000uu 4500
001    13399122112
003     ULIB
008    121227s2554||||th 000 0 tha d
020    ^a9786167594002
050    ^aPL4167^bค363
110 0  ^aฝ่ายวิชาการสำนักพิมพ์ครีเอทบุ๊คส์
245 10 ^aคำไทยง่ายที่มักใช้ผิด:^bรวมลักษณะนามและหลักเกณ์ การใช้เครื่องหมายต่างๆในภาษาไทย /^cฝ่ายวิชาการสำนักพิมพ์ครีเอทบุ๊คส์
260    ^aกรุงเทพฯ :^bครีเอทบุ๊คส์,^c2554.
300    ^a297 หน้า :^bภาพประกอบ ;^c19 ซม
650  4 ^aภาษาไทย^xการใช้ภาษา
945    ^p120^l0^i033353
945    ^p120^l0^i033354
995    ^aเกษร
999    ^aใช้งานได้ทุกระบบ
รายการนี้ยังไม่มีแท็ก
คุณยังไม่ได้ล็อกอิน คุณสามารถมีกิจกรรมร่วมกับเว็บไซต์ได้ แต่ต้องล็อกอินก่อน ::
  ล็อกอิน

รายการสื่อสารสนเทศ

ลำดับที่ ประเภท เลขเรียก/บาร์โค้ด สถานที่ สถานะ
1. การศึกษาทั่วไป
หนังสือสำรอง
สถานะ=หนังสือสำรอง
PL4167 ค363 ฉ.1 
  Barcode: 033353
ห้องสมุดวิทยาเขตสวรรค์ประชารักษ์
►หนังสือทั่วไป
บนชั้น
2. การศึกษาทั่วไป
การศึกษาทั่วไป
PL4167 ค363 ฉ.2 
  Barcode: 033354
ห้องสมุดวิทยาเขตสวรรค์ประชารักษ์
►หนังสือทั่วไป
บนชั้น

BibComment


ยังไม่เคยถูกคอมเมนท์

คอมเมนท์ทรัพยากรรายการนี้
  คอมเมนท์: คำไทยง่ายที่มักใ..


 Copyright 2026. Bcnsprnw @Library